Tilastot visalle Pohjois-Savon kunnat

Klikkaa tästä pelataksesi tätä visaa!

Yleistilastot

  • Tätä visaa on pelattu 175 kertaa
  • Keskiarvotulos 12 / 18

Vastaustilastot

VäkilukuKunta/Kaupunki% Oikein
119 076Kuopio
100%
21 350Iisalmi
85%
21 428Siilinjärvi
83%
7 018Suonenjoki
83%
20 392Varkaus
81%
9 451Leppävirta
74%
9 420Lapinlahti
72%
3 536Vieremä
64%
1 994Vesanto
62%
7 940Kiuruvesi
62%
3 119Rautalampi
60%
3 872Sonkajärvi
60%
1 584Rautavaara
60%
4 377Pielavesi
55%
1 518Tervo
53%
2 171Keitele
53%
2 836Kaavi
51%
2 469Tuusniemi
51%

Tulosjakauma

Persentiili vastausten määrän mukaan

Jokaisen tuloksen saaneiden osuus

Tuloshistoriasi

Et ole pelannut tätä visaa